[Event "Abu Dhabi Challenge Match 2019"]
[Site "Abu Dhabi"]
[Date "2019.08.08"]
[Round "13.1"]
[White "Morozevich, Alexander"]
[Black "Leko, Peter"]
[Result "0-1"]
[WhiteElo "2659"]
[BlackElo "2674"]
[Annotator "TA"]
[PlyCount "75"]
[EventDate "2019.08.06"]
[EventType "match"]
[EventCountry "UAE"]
[SourceTitle "playchess.com"]
[Source "ChessBase"]
[SourceQuality "1"]

{[%evp 10,75,-5,-8,-4,-25,-19,-45,-37,-54,-56,-72,-72,-97,-78,-133,-146,-130,-121,-135,-32,-49,56,-66,0,0,0,0,55,-150,-82,-80,-64,-66,0,-195,-195,-270,-131,-161,-162,-197,-210,-214,-194,-290,-195,-320,-271,-306,-277,-269,-179,-300,-218,-339,-347,-397,-213,-206,-77,-71,-82,-145,-23,-129,-75,-77]} 1. d4 Nf6 2. Nc3 d5 3. Bg5 h6 4. Bxf6 exf6 5. e3 c6 6. Bd3 f5 {D01: Veresov Opening} 7. Qf3 (7. Qd2 g6 8. Nce2 Nd7 9. c4 {½-½ (9) Laznicka,V (2670)-Erdos,V (2615) Jerusalem 2015}) 7... g6 8. Nge2 h5 {Black is slightly better.} 9. h3 Nd7 10. O-O-O Nf6 11. Kb1 $146 ({Predecessor:} 11. g3 Bd7 12. Qg2 Bd6 13. f3 Qe7 14. e4 fxe4 15. fxe4 dxe4 16. Nxe4 Nxe4 17. Qxe4 {0-1 (42) Jurczynska,A (2000)-Richtrova,E Novi Sad 1981}) 11... Bd6 12. g4 (12. g3 $142) 12... fxg4 $17 13. hxg4 Nxg4 14. e4 dxe4 (14... Qf6 $17 15. Qxf6 Nxf6) 15. Nxe4 $15 Be6 (15... Kf8 $1 $15) 16. N2c3 ({Better is} 16. Nf4 $14 Bxf4 17. Qxf4) 16... O-O (16... Be7 $15 17. Qf4 g5) 17. Qg2 Bf4 $36 {[%mdl 2048] Black has good play.} 18. Nc5 Bc8 (18... Qd6 $11) 19. d5 $2 (19. Be2 $1 $14 {stays ahead.}) 19... Qe7 ({Black should try} 19... Be5 $1 {[%cal Re5c3] Hoping for ...Bxc3.} 20. dxc6 Bxc3 21. bxc3 bxc6) 20. N5e4 Kg7 21. Rhe1 Qh4 (21... Rd8 $15 22. Ng3 Qg5) 22. Qg1 $2 (22. Rh1 $1 $11 {and White has nothing to worry.} Qe7 23. Be2) 22... Qh2 $19 23. Qf1 (23. Qxh2 $142 Nxh2 24. dxc6) 23... Bf5 (23... f5 $19 {and Black stays clearly on top.} 24. Nd2 Nxf2 25. Re7+ Rf7) 24. Re2 Qh4 25. Qg1 Ne5 {[%cal Bg4e5,Be5f3,Bf3d4][%mdl 32]} 26. f3 Nxf3 27. Qc5 (27. Qg2 $142 Nd4 28. Rh1) 27... Bg4 28. Rf1 (28. Nf2 {is a better defense.}) 28... Be5 29. dxc6 b6 30. Qb4 Nd4 31. Ref2 (31. Ree1 {was necessary.}) 31... Nxc6 32. Qb5 (32. Qc4 $142 Nd4 33. Rxf7+ Kh6 34. Ng5 Qxg5 35. Rxf8 Rxf8 36. Rxf8) 32... Rac8 33. a3 Qe7 (33... f5 $142 34. Nd2 Bxc3 35. bxc3 Qf6) 34. Nd5 Qb7 (34... Qe8 $1 $19 {is more deadly. White must now prevent ...f5.} 35. Ndf6 Qe7) 35. Nef6 $17 Nd4 36. Qb4 {[#]} Rc5 (36... Bf3 $1 $17 {[%cal Rf3d5]} 37. Re1 (37. Rxf3 Nxf3) 37... a5) 37. Be4 {[#]} (37. c4 $1 $11 {keeps the balance.}) 37... Qb8 (37... Rb5 $142 $1 {[%cal Rb5b4]} 38. Qe1 Bxf6 39. Rxf6 Rxd5) 38. Qd2 {Accuracy: White = 20%, Black = 43%.} 0-1

[Event "Abu Dhabi Challenge Match 2019"]
[Site "Abu Dhabi"]
[Date "2019.08.08"]
[Round "14.1"]
[White "Leko, Peter"]
[Black "Morozevich, Alexander"]
[Result "1/2-1/2"]
[WhiteElo "2674"]
[BlackElo "2659"]
[Annotator "ChessBase"]
[PlyCount "141"]
[EventDate "2019.08.06"]
[EventType "match"]
[EventCountry "UAE"]
[SourceTitle "playchess.com"]
[Source "ChessBase"]
[SourceQuality "1"]
[TimeControl "180+2"]

1. Nf3 {[%emt 0:00:00]} d5 {[%emt 0:00:01]} 2. e3 {[%emt 0:00:01]} Nc6 {[%emt 0:00:02]} 3. d4 {[%emt 0:00:03]} Bg4 {[%emt 0:00:01]} 4. Be2 {[%emt 0:00:07]} e6 {[%emt 0:00:03]} 5. O-O {[%emt 0:00:07]} Bd6 {[%emt 0:00:08]} 6. c4 {[%emt 0:00:06]} Nf6 {[%emt 0:00:02]} 7. Nbd2 {[%emt 0:00:08]} O-O {[%emt 0:00:01]} 8. b3 {[%emt 0:00:02]} e5 {[%emt 0:00:14]} 9. cxd5 {[%emt 0:00:28]} Nxd5 {[%emt 0:00:04]} 10. Bb2 {[%emt 0:00:01]} exd4 {[%emt 0:00:19]} 11. Nxd4 {[%emt 0:00:01]} Bxe2 {[%emt 0:00:04]} 12. Qxe2 {[%emt 0:00:03]} Nxd4 {[%emt 0:00:10]} 13. Bxd4 {[%emt 0:00:01]} Qh4 {[%emt 0:00:13]} 14. Nf3 {[%emt 0:00:05]} Qh5 {[%emt 0:00:02]} 15. Qb2 {[%emt 0:00:03]} Rfe8 {[%emt 0:00:15]} 16. Rfd1 {[%emt 0:00:36]} Re6 {[%emt 0:00:05]} 17. h3 {[%emt 0:00:10]} Rae8 {[%emt 0:00:26]} 18. Rac1 {[%emt 0:00:02]} c6 {[%emt 0:00:05]} 19. Bxa7 {[%emt 0:00:17]} Rg6 {[%emt 0:00:32]} 20. Kh1 {[%emt 0:00:10]} Ree6 {[%emt 0:00:07]} 21. Rc4 {[%emt 0:00:03]} Rxg2 {[%emt 0:00:15]} 22. Kxg2 {[%emt 0:00:03]} Rg6+ {[%emt 0:00:00]} 23. Rg4 {[%emt 0:00:06]} Rxg4+ {[%emt 0:00:01]} 24. hxg4 {[%emt 0:00:01]} Qxg4+ {[%emt 0:00:00]} 25. Kf1 {[%emt 0:00:04]} Qxf3 {[%emt 0:00:01]} 26. Qd4 {[%emt 0:00:38]} h5 {[%emt 0:00:07]} 27. Rd3 {[%emt 0:00:06]} Be7 {[%emt 0:00:10]} 28. Bb8 {[%emt 0:00:03]} h4 {[%emt 0:00:03]} 29. e4 {[%emt 0:00:05]} Qh1+ {[%emt 0:00:02]} 30. Ke2 {[%emt 0:00:01]} Nf6 {[%emt 0:00:04]} 31. e5 {[%emt 0:00:06]} Nd5 {[%emt 0:00:01]} 32. Bd6 {[%emt 0:00:03]} Bg5 {[%emt 0:00:01]} 33. e6 {[%emt 0:00:02]} fxe6 {[%emt 0:00:11]} 34. Qg4 {[%emt 0:00:00]} Bf6 {[%emt 0:00:12]} 35. Qxe6+ {[%emt 0:00:02]} Kh7 {[%emt 0:00:01]} 36. Qf5+ {[%emt 0:00:02]} g6 {[%emt 0:00:02]} 37. Qd7+ {[%emt 0:00:03]} Bg7 {[%emt 0:00:00]} 38. Bf8 {[%emt 0:00:12]} Qe4+ {[%emt 0:00:01]} 39. Re3 {[%emt 0:00:01]} Nf4+ {[%emt 0:00:08]} 40. Kd2 {[%emt 0:00:02]} Qd5+ {[%emt 0:00:00]} 41. Qxd5 {[%emt 0:00:01]} Nxd5 {[%emt 0:00:01]} 42. Re8 {[%emt 0:00:03]} Bd4 {[%emt 0:00:02]} 43. Ke2 {[%emt 0:00:02]} g5 {[%emt 0:00:03]} 44. Kf3 {[%emt 0:00:02]} Kg6 {[%emt 0:00:01]} 45. Re4 {[%emt 0:00:02]} Bb6 {[%emt 0:00:03]} 46. Bd6 {[%emt 0:00:02]} Nf6 {[%emt 0:00:02]} 47. Rb4 {[%emt 0:00:01]} g4+ {[%emt 0:00:01]} 48. Kg2 {[%emt 0:00:02]} h3+ {[%emt 0:00:03]} 49. Kf1 {[%emt 0:00:01]} Ba7 {[%emt 0:00:05]} 50. Rxb7 {[%emt 0:00:02]} Bd4 {[%emt 0:00:00]} 51. Bg3 {[%emt 0:00:03]} Ne4 {[%emt 0:00:01]} 52. Rd7 {[%emt 0:00:02]} c5 {[%emt 0:00:00]} 53. a4 {[%emt 0:00:01]} Nd2+ {[%emt 0:00:04]} 54. Ke2 {[%emt 0:00:01]} Nxb3 {[%emt 0:00:02]} 55. Kd3 {[%emt 0:00:02]} Kf5 {[%emt 0:00:00]} 56. Rb7 {[%emt 0:00:04]} Na5 {[%emt 0:00:02]} 57. Rb5 {[%emt 0:00:01]} Nc6 {[%emt 0:00:01]} 58. a5 {[%emt 0:00:01]} Ke6 {[%emt 0:00:01]} 59. a6 {[%emt 0:00:02]} Kd5 {[%emt 0:00:02]} 60. Ke2 {[%emt 0:00:05]} Na7 {[%emt 0:00:06]} 61. Rb7 {[%emt 0:00:01]} c4 {[%emt 0:00:01]} 62. Rd7+ {[%emt 0:00:01]} Ke4 {[%emt 0:00:01]} 63. Bb8 {[%emt 0:00:02]} Nc6 {[%emt 0:00:00]} 64. a7 {[%emt 0:00:01]} Bxa7 {[%emt 0:00:02]} 65. Bxa7 {[%emt 0:00:01]} h2 {[%emt 0:00:02]} 66. Rh7 {[%emt 0:00:02]} Nxa7 {[%emt 0:00:00]} 67. Rxh2 {[%emt 0:00:01]} Nc6 {[%emt 0:00:01]} 68. Rh8 {[%emt 0:00:05]} Nd4+ {[%emt 0:00:05]} 69. Kd2 {[%emt 0:00:01]} Nf5 {[%emt 0:00:06]} 70. Ke2 {[%emt 0:00:03]} Nd4+ {[%emt 0:00:01]} 71. Kd2 {[%emt 0:00:01]} 1/2-1/2

[Event "Abu Dhabi Challenge Match 2019"]
[Site "Abu Dhabi"]
[Date "2019.08.08"]
[Round "15.1"]
[White "Morozevich, Alexander"]
[Black "Leko, Peter"]
[Result "1/2-1/2"]
[WhiteElo "2659"]
[BlackElo "2674"]
[Annotator "ChessBase"]
[PlyCount "140"]
[EventDate "2019.08.06"]
[EventType "match"]
[EventCountry "UAE"]
[SourceTitle "playchess.com"]
[Source "ChessBase"]
[SourceQuality "1"]
[TimeControl "180+2"]

1. d4 {[%emt 0:00:00]} Nf6 {[%emt 0:00:00]} 2. Nc3 {[%emt 0:00:00]} d5 {[%emt 0:00:00]} 3. Bg5 {[%emt 0:00:01]} h6 {[%emt 0:00:00]} 4. Bh4 {[%emt 0:00:01]} Nbd7 {[%emt 0:00:03]} 5. Nf3 {[%emt 0:00:01]} e6 {[%emt 0:00:07]} 6. e4 {[%emt 0:00:01]} g5 {[%emt 0:00:34]} 7. Bg3 {[%emt 0:00:01]} Nxe4 {[%emt 0:00:03]} 8. Nxe4 {[%emt 0:00:02]} dxe4 {[%emt 0:00:01]} 9. Nd2 {[%emt 0:00:01]} Bg7 {[%emt 0:00:16]} 10. h4 {[%emt 0:00:01]} Bxd4 {[%emt 0:00:21]} 11. Nxe4 {[%emt 0:00:01]} Bxb2 {[%emt 0:00:31]} 12. Rb1 {[%emt 0:00:01]} Bg7 {[%emt 0:00:01]} 13. hxg5 {[%emt 0:00:05]} hxg5 {[%emt 0:00:15]} 14. Rxh8+ {[%emt 0:00:06]} Bxh8 {[%emt 0:00:00]} 15. Qh5 {[%emt 0:00:05]} Bg7 {[%emt 0:00:04]} 16. Nxg5 {[%emt 0:01:28]} Qe7 {[%emt 0:00:17]} 17. Rb3 {[%emt 0:00:18]} Nf6 {[%emt 0:00:04]} 18. Qh4 {[%emt 0:00:17]} Qc5 {[%emt 0:00:08]} 19. Bd3 {[%emt 0:00:07]} a5 {[%emt 0:00:22]} 20. Rb5 {[%emt 0:00:07]} Qc3+ {[%emt 0:00:04]} 21. Ke2 {[%emt 0:00:01]} Nd5 {[%emt 0:00:08]} 22. Qh5 {[%emt 0:00:15]} Qf6 {[%emt 0:00:05]} 23. Nxf7 {[%emt 0:00:03]} Kf8 {[%emt 0:00:09]} 24. Ng5 {[%emt 0:00:08]} Ke7 {[%emt 0:00:01]} 25. Ne4 {[%emt 0:00:08]} Qd4 {[%emt 0:00:05]} 26. Qg5+ {[%emt 0:00:07]} Kf7 {[%emt 0:00:01]} 27. c4 {[%emt 0:00:10]} Nb4 {[%emt 0:00:04]} 28. Qh5+ {[%emt 0:00:10]} Kf8 {[%emt 0:00:04]} 29. Qf3+ {[%emt 0:00:04]} Kg8 {[%emt 0:00:03]} 30. Rg5 {[%emt 0:00:01]} Qxd3+ {[%emt 0:00:02]} 31. Qxd3 {[%emt 0:00:01]} Nxd3 {[%emt 0:00:01]} 32. Kxd3 {[%emt 0:00:01]} Kh7 {[%emt 0:00:04]} 33. Bxc7 {[%emt 0:00:01]} Bd7 {[%emt 0:00:01]} 34. Be5 {[%emt 0:00:06]} Bxe5 {[%emt 0:00:05]} 35. Rxe5 {[%emt 0:00:02]} Kg6 {[%emt 0:00:02]} 36. Rg5+ {[%emt 0:00:01]} Kf7 {[%emt 0:00:01]} 37. Nd6+ {[%emt 0:00:05]} Kf6 {[%emt 0:00:00]} 38. f4 {[%emt 0:00:01]} Bc6 {[%emt 0:00:01]} 39. g4 {[%emt 0:00:02]} Rd8 {[%emt 0:00:01]} 40. c5 {[%emt 0:00:01]} b6 {[%emt 0:00:00]} 41. Kd4 {[%emt 0:00:02]} bxc5+ {[%emt 0:00:02]} 42. Kxc5 {[%emt 0:00:01]} Bd5 {[%emt 0:00:01]} 43. a4 {[%emt 0:00:05]} Rb8 {[%emt 0:00:01]} 44. Nb5 {[%emt 0:00:01]} Rc8+ {[%emt 0:00:01]} 45. Kb6 {[%emt 0:00:01]} Rc4 {[%emt 0:00:01]} 46. Kxa5 {[%emt 0:00:04]} Rxf4 {[%emt 0:00:00]} 47. Rg8 {[%emt 0:00:01]} Kf7 {[%emt 0:00:02]} 48. Rg5 {[%emt 0:00:04]} Kf6 {[%emt 0:00:01]} 49. Rg8 {[%emt 0:00:02]} Kf7 {[%emt 0:00:00]} 50. Rd8 {[%emt 0:00:01]} Bb3 {[%emt 0:00:08]} 51. Rd4 {[%emt 0:00:03]} e5 {[%emt 0:00:05]} 52. Rb4 {[%emt 0:00:01]} Bd1 {[%emt 0:00:02]} 53. g5 {[%emt 0:00:01]} Kg6 {[%emt 0:00:01]} 54. Nc3 {[%emt 0:00:05]} Bxa4 {[%emt 0:00:03]} 55. Rb6+ {[%emt 0:00:02]} Kxg5 {[%emt 0:00:02]} 56. Nxa4 {[%emt 0:00:02]} Rd4 {[%emt 0:00:02]} 57. Nc5 {[%emt 0:00:00]} Kf5 {[%emt 0:00:01]} 58. Kb5 {[%emt 0:00:00]} e4 {[%emt 0:00:01]} 59. Nb3 {[%emt 0:00:04]} Rd8 {[%emt 0:00:02]} 60. Kc4 {[%emt 0:00:01]} Kf4 {[%emt 0:00:02]} 61. Nd4 {[%emt 0:00:02]} Ke3 {[%emt 0:00:02]} 62. Nc2+ {[%emt 0:00:03]} Kd2 {[%emt 0:00:02]} 63. Nb4 {[%emt 0:00:00]} e3 {[%emt 0:00:01]} 64. Nd5 {[%emt 0:00:01]} e2 {[%emt 0:00:02]} 65. Rb2+ {[%emt 0:00:01]} Ke1 {[%emt 0:00:04]} 66. Nc3 {[%emt 0:00:05]} Re8 {[%emt 0:00:02]} 67. Kd3 {[%emt 0:00:03]} Rd8+ {[%emt 0:00:01]} 68. Ke3 {[%emt 0:00:01]} Re8+ {[%emt 0:00:02]} 69. Ne4 {[%emt 0:00:02]} Kf1 {[%emt 0:00:03]} 70. Rxe2 {[%emt 0:00:06]} Rxe4+ {[%emt 0:00:02]} 1/2-1/2

[Event "Abu Dhabi Challenge Match 2019"]
[Site "Abu Dhabi"]
[Date "2019.08.08"]
[Round "16.1"]
[White "Leko, Peter"]
[Black "Morozevich, Alexander"]
[Result "0-1"]
[WhiteElo "2674"]
[BlackElo "2659"]
[Annotator "RC"]
[PlyCount "82"]
[EventDate "2019.08.06"]
[EventType "match"]
[EventCountry "UAE"]
[SourceTitle "playchess.com"]
[Source "ChessBase"]
[SourceQuality "1"]
[TimeControl "180+2"]

1. e4 {[%emt 0:00:00]} c5 {[%emt 0:00:00]} 2. Nf3 {[%emt 0:00:00]} Nc6 {[%emt 0:00:00]} 3. d4 {[%emt 0:00:01]} cxd4 4. Nxd4 {[%emt 0:00:02]} Qb6 {[%emt 0:00:01]} 5. Nb3 {[%emt 0:00:01]} Nf6 {[%emt 0:00:01]} 6. Nc3 {[%emt 0:00:01]} e6 {[%emt 0:00:00]} 7. Bd3 {[%emt 0:00:13]} a6 {[%emt 0:00:02]} 8. Be3 {[%emt 0:00:12]} Qc7 {[%emt 0:00:01]} 9. f4 {[%emt 0:00:01]} d6 {[%emt 0:00:17]} 10. Qf3 {[%emt 0:00:01]} b5 {[%emt 0:00:01]} 11. O-O-O {[%emt 0:00:03]} Bb7 {[%emt 0:00:01]} 12. Kb1 {[%emt 0:00:14]} Be7 {[%emt 0:00:18]} 13. g4 {[%emt 0:00:03]} b4 {[%emt 0:00:14]} 14. Ne2 {[%emt 0:00:08]} Nd7 {[%emt 0:00:28]} 15. g5 {[%emt 0:00:03]} Nc5 {[%emt 0:00:01]} 16. h4 {[%emt 0:00:11]} Nxd3 {[%emt 0:00:23]} 17. cxd3 {[%emt 0:00:01]} d5 {[%emt 0:00:00]} 18. Rc1 {[%emt 0:00:36]} dxe4 {[%emt 0:00:09]} 19. dxe4 {[%emt 0:00:01]} O-O {[%emt 0:00:09]} 20. Nc5 {[%emt 0:00:01]} Rfd8 {[%emt 0:00:17]} 21. h5 {[%emt 0:00:04]} Bxc5 {[%emt 0:00:09]} 22. Bxc5 {[%emt 0:00:01]} Qd7 {[%emt 0:00:12]} 23. Rh3 {[%emt 0:00:11]} a5 {[%emt 0:00:05]} 24. g6 {[%emt 0:00:14]} fxg6 {[%emt 0:00:03]} 25. hxg6 {[%emt 0:00:02]} h6 {[%emt 0:00:00]} 26. Bb6 {[%emt 0:00:47]} Rdc8 {[%emt 0:00:04]} 27. Rhh1 {[%emt 0:00:08]} Ne7 {[%emt 0:00:04]} 28. Ng3 {[%emt 0:00:06]} a4 {[%emt 0:00:14]} 29. Rcd1 {[%emt 0:00:09]} Qc6 {[%emt 0:00:06]} 30. Bd4 {[%emt 0:00:05]} Qc2+ {[%emt 0:00:06]} 31. Ka1 {[%emt 0:00:00]} a3 {[%emt 0:00:01]} 32. Qb3 {[%emt 0:00:09]} axb2+ {[%emt 0:00:14]} 33. Qxb2 {[%emt 0:00:00]} Rxa2+ {[%emt 0:00:07]} 34. Qxa2 {[%emt 0:00:03]} Ra8 {[%emt 0:00:01]} 35. Qxa8+ {[%emt 0:00:07]} Bxa8 {[%emt 0:00:01]} 36. Bb2 {[%emt 0:00:05]} Qa4+ {[%emt 0:00:07]} 37. Kb1 {[%emt 0:00:01]} Nxg6 {[%emt 0:00:01]} 38. Rd2 {[%emt 0:00:03]} b3 {[%emt 0:00:02]} 39. Re1 {[%emt 0:00:01]} Nxf4 {[%emt 0:00:02]} 40. Be5 {[%emt 0:00:04]} Nd3 {[%emt 0:00:02]} 41. Rg1 {[%emt 0:00:03]} Nxe5 {[%emt 0:00:02]} 0-1